<?xml version="1.0" encoding="UTF-8"?>
<record
    xmlns:xsi="http://www.w3.org/2001/XMLSchema-instance"
    xsi:schemaLocation="http://www.loc.gov/MARC21/slim http://www.loc.gov/standards/marcxml/schema/MARC21slim.xsd"
    xmlns="http://www.loc.gov/MARC21/slim">

  <leader>00232nam a22001097a 4500</leader>
  <datafield tag="082" ind1=" " ind2=" ">
    <subfield code="a">297.55</subfield>
    <subfield code="b">ASA</subfield>
  </datafield>
  <datafield tag="245" ind1=" " ind2=" ">
    <subfield code="a">Asan hajj va umrah</subfield>
  </datafield>
  <datafield tag="300" ind1=" " ind2=" ">
    <subfield code="a">240p.</subfield>
  </datafield>
  <datafield tag="563" ind1=" " ind2=" ">
    <subfield code="a">HB</subfield>
  </datafield>
  <datafield tag="650" ind1=" " ind2=" ">
    <subfield code="a">Hajj</subfield>
    <subfield code="a">Pillars of Islam</subfield>
    <subfield code="9">118646</subfield>
  </datafield>
  <datafield tag="942" ind1=" " ind2=" ">
    <subfield code="2">ddc</subfield>
    <subfield code="c">BK</subfield>
  </datafield>
  <datafield tag="999" ind1=" " ind2=" ">
    <subfield code="c">606822</subfield>
    <subfield code="d">606822</subfield>
  </datafield>
  <datafield tag="952" ind1=" " ind2=" ">
    <subfield code="0">0</subfield>
    <subfield code="1">0</subfield>
    <subfield code="2">ddc</subfield>
    <subfield code="3">Donated by Rector Sectt NUST Islamabad</subfield>
    <subfield code="4">0</subfield>
    <subfield code="6">297_550000000000000_ASA</subfield>
    <subfield code="7">0</subfield>
    <subfield code="9">630014</subfield>
    <subfield code="a">CL</subfield>
    <subfield code="b">CL</subfield>
    <subfield code="c">GEN</subfield>
    <subfield code="d">2023-11-25</subfield>
    <subfield code="e">Donation</subfield>
    <subfield code="l">0</subfield>
    <subfield code="o">297.55 ASA</subfield>
    <subfield code="p">CL-D-2542</subfield>
    <subfield code="r">2023-11-25</subfield>
    <subfield code="w">2023-11-25</subfield>
    <subfield code="y">BK</subfield>
  </datafield>
</record>
